LEADER 06488nam 22007695 450 001 996465837503316 005 20200702150547.0 010 $a3-540-45499-3 024 7 $a10.1007/3-540-45499-3 035 $a(CKB)1000000000211245 035 $a(SSID)ssj0000321123 035 $a(PQKBManifestationID)11262210 035 $a(PQKBTitleCode)TC0000321123 035 $a(PQKBWorkID)10262614 035 $a(PQKB)10681794 035 $a(DE-He213)978-3-540-45499-1 035 $a(MiAaPQ)EBC3073329 035 $a(PPN)155218190 035 $a(EXLCZ)991000000000211245 100 $a20121227d2000 u| 0 101 0 $aeng 135 $aurnn|008mamaa 181 $ctxt 182 $cc 183 $acr 200 10$aAlgebraic Methodology and Software Technology$b[electronic resource] $e8th International Conference, AMAST 2000 Iowa City, Iowa, USA, May 20-27, 2000 Proceedings /$fedited by Teodor Rus 205 $a1st ed. 2000. 210 1$aBerlin, Heidelberg :$cSpringer Berlin Heidelberg :$cImprint: Springer,$d2000. 215 $a1 online resource (XI, 545 p.) 225 1 $aLecture Notes in Computer Science,$x0302-9743 ;$v1816 300 $aBibliographic Level Mode of Issuance: Monograph 311 $a3-540-67530-2 320 $aIncludes bibliographical references at the end of each chapters and index. 327 $aEducation Day -- Invited Talk: A Software Engineering Program of Lasting Value (Abstract) -- Invited Talk: Weaving Formal Methods into the Undergraduate Computer Science Curriculum (Extended Abstract) -- Technical Meetings -- Invited Talk: Making Mathematical Methods More Practical for Software Developers (Abstract) -- Step by Step to Histories -- Distance Functions for Defaults in Reactive Systems -- Generalizing the Modal and Temporal Logic of Linear Time -- Process Algebra versus Axiomatic Specification of a Real-Time Protocol -- Practical Application of Functional and Relational Methods for the Specification and Verification of Safety Critical Software -- Algebraic State Machines -- Meta Languages in Algebraic Compilers -- Random Access to Abstract Data Types -- A Monad for Basic Java Semantics -- A Global Semantics for Views -- Analysis of Downward Closed Properties of Logic Programs -- Invited Talk: ASM Formalware in the Software Engineering Cycle -- Process Calculi for Coordination: From Linda to JavaSpaces -- The Algebra of Multi-tasking -- A Causal Semantics for Timed Default Concurrent Constraint Programming -- Casl-Chart: A Combination of Statecharts and of the Algebraic Specification Language Casl -- Message Authentication through Non Interference -- Plugging Data Constructs into Paradigm-Specific Languages: Towards an Application to UML -- An ASM Semantics for UML Activity Diagrams -- Approximate Bisimilarity -- Time and Probability in Process Algebra -- A Modal Logic for Klaim -- Kleene under a Demonic Star -- Pointwise Relational Programming -- Towards a Toolkit for Actor System Specification -- Maude Action Tool: Using Reflection to Map Action Semantics to Rewriting Logic -- The Extensibility of Maude?s Module Algebra -- A Reuse-Oriented Framework for Hierarchical Specifications -- MIX(FL): A Kernel Language of Mixin Modules -- Behavioural Subtyping Relations for Object-Oriented Formalisms -- Applying Category Theory to Derive Engineering Software from Encoded Knowledge -- A New Logic for Electronic Commerce Protocols -- Extended Institutions for Testing -- Testing from Structured Algebraic Specifications. 330 $aThe AMAST movement was initiated in 1989 with the First International C- ference on Algebraic Methodology and Software Technology (AMAST), held on May 21{23in Iowa City, Iowa,and aimed at setting the development of software technology on a mathematical basis. The virtue of the software technology en- sioned by AMAST is the capability to produce software that has the following properties: (a) it is correct and its correctness can be proved mathematically, (b) it is safe, such that it can be used in the implementation of critical systems, (c) it is portable, i. e. , it is independent of computing platforms and language generations, and (d) it is evolutionary, i. e. , it is self-adaptable and evolves with the problem domain. Ten years later a myriad of workshops, conferences, and researchprogramsthat sharethe goalsof the AMAST movementhaveoccurred. This can be taken as proof that the AMAST vision is right. However, often the myriad of workshops, conferences, and research programs lack the clear obj- tives and the coordination of their goals towards the software technology en- sioned by AMAST. This can be taken as a proof that AMAST is still necessary. 410 0$aLecture Notes in Computer Science,$x0302-9743 ;$v1816 606 $aComputers 606 $aData structures (Computer science) 606 $aAlgebra 606 $aComputer logic 606 $aSoftware engineering 606 $aMathematical logic 606 $aTheory of Computation$3https://scigraph.springernature.com/ontologies/product-market-codes/I16005 606 $aData Structures and Information Theory$3https://scigraph.springernature.com/ontologies/product-market-codes/I15009 606 $aAlgebra$3https://scigraph.springernature.com/ontologies/product-market-codes/M11000 606 $aLogics and Meanings of Programs$3https://scigraph.springernature.com/ontologies/product-market-codes/I1603X 606 $aSoftware Engineering$3https://scigraph.springernature.com/ontologies/product-market-codes/I14029 606 $aMathematical Logic and Formal Languages$3https://scigraph.springernature.com/ontologies/product-market-codes/I16048 615 0$aComputers. 615 0$aData structures (Computer science). 615 0$aAlgebra. 615 0$aComputer logic. 615 0$aSoftware engineering. 615 0$aMathematical logic. 615 14$aTheory of Computation. 615 24$aData Structures and Information Theory. 615 24$aAlgebra. 615 24$aLogics and Meanings of Programs. 615 24$aSoftware Engineering. 615 24$aMathematical Logic and Formal Languages. 676 $a005.1/01/512 702 $aRus$b Teodor$4edt$4http://id.loc.gov/vocabulary/relators/edt 712 12$aInternational Conference on Algebraic Methodology and Software Technology 906 $aBOOK 912 $a996465837503316 996 $aAlgebraic Methodology and Software Technology$9774301 997 $aUNISA LEADER 01437oam 2200397z- 450 001 9910689441803321 005 20161209100646.0 035 $a(CKB)5470000000937328 035 $a(WsH)fdsysaebi 035 $a(BIP)007502869 035 $a(EXLCZ)995470000000937328 100 $a20211006c2001uuuu -u- - 101 0 $aeng 200 10$aCombating terrorism $eassessing threats, risk management, and establishing priorities : hearing before the Subcommittee on National Security, Veterans Affairs, and International Relations of the Committee on Government Reform, House of Representatives, One Hundred Sixth Congress, second session, July 26, 2000 215 $a1 online resource (iii, 111 p.) $cill 311 $a0-16-066089-0 517 $aCombating Terrorism 606 $aTerrorism$zUnited States$xPrevention 606 $aBehavioral assessment$zUnited States 606 $aThreats$zUnited States$xPrevention 606 $aRisk management$zUnited States 610 $aTerrorism 610 $aBehavioral assessment 610 $aRisk management 610 $aPolitical science 610 $aPsychology 610 $aBusiness & economics 615 0$aTerrorism$xPrevention. 615 0$aBehavioral assessment 615 0$aThreats$xPrevention. 615 0$aRisk management 676 $a363.3/2/0973 906 $aBOOK 912 $a9910689441803321 996 $aCombating terrorism$93120756 997 $aUNINA LEADER 02639oam 22006494a 450 001 9910422652503321 005 20241204165459.0 010 $a3-944773-27-6 035 $a(CKB)4100000011528186 035 $a(OCoLC)1202667479 035 $a(MdBmJHUP)muse93051 035 $a(oapen)https://directory.doabooks.org/handle/20.500.12854/34032 035 $a(oapen)doab34032 035 $a(EXLCZ)994100000011528186 100 $a20201102d2020 uy 0 101 0 $aita 135 $aur|||||||nn|n 181 $ctxt$2rdacontent 182 $cc$2rdamedia 183 $acr$2rdacarrier 200 13$aLe tre costituzioni pacifiste$eIl rifiuto della guerra nelle costituzioni di Giappone, Italia e Germania /$fMario G. Losano 210 $aFrankfurt am Main$cMax Planck Institute for Legal History and Legal Theory$d2020 210 1$aFrankfurt am Main :$cMax Planck Institute for European Legal History,$d2020. 210 4$dİ2020. 215 $a1 online resource (1 ressource en ligne.) 225 0 $aGlobal perspectives on legal history ;$vvolume 14 311 08$a3-944773-26-8 330 $aThe three defeated Axis powers ? Japan, Italy and Germany ? incorporated a prohibition on wars of aggression into their democratic constitutions. This book covers the years of the Nuremberg and Tokyo Trials and the constituent assemblies of 1947? 49 through to current debates on the adaptation of the pacifi st articles in line with new ?humanitarian? wars. Aspects relating to the birth of the three countries? constitutions are treated in great detail in three appendices. 606 $aPacifisme 606 $aConstitutional history$zJapan 606 $aConstitutional history$zItaly 606 $aConstitutional history$zGermany 606 $aPacifism 606 $aConstitutional history$zJapan 606 $aConstitutional history$zItaly 606 $aConstitutional history$zGermany 608 $aLivres numeriques. 608 $aElectronic books. 615 0$aPacifisme. 615 0$aConstitutional history 615 0$aConstitutional history 615 0$aConstitutional history 615 0$aPacifism. 615 0$aConstitutional history 615 0$aConstitutional history 615 0$aConstitutional history 700 $aLosano$b Mario G.$03124 702 $aDuve$b Thomas$4edt 702 $aVogenauer$b Stefan$4edt 702 $aDuve$b Thomas$4oth 702 $aVogenauer$b Stefan$4oth 801 0$bMdBmJHUP 801 1$bMdBmJHUP 906 $aBOOK 912 $a9910422652503321 996 $aLe tre costituzioni pacifiste$92133245 997 $aUNINA